书目信息 |
| 题名: |
战争的文化
|
|
| 作者: | 范克勒韦尔德 著 ;李阳 译 | |
| 分册: | ||
| 出版信息: | 北京 生活·读书·新知三联书店 2016 |
|
| 页数: | 418页 | |
| 开本: | 23cm | |
| 丛书名: | 新知文库 | |
| 单 册: | ||
| 中图分类: | E091 | |
| 科图分类: | ||
| 主题词: | 战争理论--zhan zheng li lun--研究 | |
| 电子资源: | ||
| ISBN: | 978-7-108-05747-1 | |
| 000 | 00969nam 2200301 450 | |
| 001 | 1947107366 | |
| 005 | 20161103133713.2 | |
| 010 | @a978-7-108-05747-1@dCNY 45.00 | |
| 099 | @aCAL 012016118286 | |
| 100 | @a20161013d2016 em y0chiy50 ea | |
| 101 | 1 | @achi@beng@cheb |
| 102 | @aCN@b110000 | |
| 105 | @aa z 000yy | |
| 200 | 1 | @a战争的文化@Azhan zheng de wen hua@f(以) 马丁·范克勒韦尔德著@g李阳译@zeng |
| 205 | @a第2版 | |
| 210 | @a北京@c生活·读书·新知三联书店@d2016 | |
| 215 | @a418页@c图@d23cm | |
| 225 | 2 | @a新知文库@Axin zhi wen ku@v29 |
| 306 | @a本作品中文简体版权由生活·读书·新知三联书店所有 | |
| 312 | @a英文并列题名取自封面 | |
| 410 | 0 | @12001 @a新知文库@v29 |
| 510 | 1 | @aCulture of war@zeng |
| 606 | 0 | @a战争理论@Azhan zheng li lun@x研究 |
| 690 | @aE091@v5 | |
| 701 | 1 | @a范克勒韦尔德@Afan ke le wei er de@g(Van Creveld, Matin),@f1946-@4著 |
| 702 | 0 | @a李阳@Ali yang@4译 |
| 801 | 0 | @aCN@bJLU@c20161013 |
| 905 | @aBZT@dE091@e1=2 | |
| 战争的文化/(以) 马丁·范克勒韦尔德著/李阳译.-第2版.-北京:生活·读书·新知三联书店,2016 |
| 418页:图;23cm.-(新知文库;29) |
| ISBN 978-7-108-05747-1:CNY 45.00 |
| ● |
| 相关链接 |
|
|
|
正题名:战争的文化
索取号:E091/1=2
 
预约/预借
| 序号 | 登录号 | 条形码 | 馆藏地/架位号 | 状态 | 备注 |
| 1 | 868321 | 2000868321 | 思政阅览室/思1架B面2层3列/ [索取号:E091/1=2] | 在馆 | |
| 2 | 868322 | 2000868322 | 第二书库/ [索取号:E091/1=2] | 在馆 | |
| 3 | 868323 | 2000868323 | 第二书库/ [索取号:E091/1=2] | 在馆 |